| 000 | 00467nam a22001575i 4500 | ||
|---|---|---|---|
| 001 | 98699 | ||
| 003 | ES-MaACL | ||
| 005 | 20230906182343.0 | ||
| 007 | t| | ||
| 008 | 950919s1865 sp ||||1| spa d | ||
| 040 |
_aCAM _bspa _cCAM |
||
| 245 | 0 | 0 |
_aEjercicios de lectura manuscrita _b: con las principales reglas de ortografĂa... / _cpor el profesor... J. P. y V. |
| 260 |
_aBarcelona : _b[s.n.], _c1865. |
||
| 300 |
_a132 p. ; _c16 cm. |
||
| 852 |
_aES-MaACL _jD-465 |
||
| 999 |
_c98699 _d98699 |
||